[Event "Madrid ch Super Veteranos 2018"]
[Site "Madrid ESP"]
[Date "2018.01.24"]
[Round "3.12"]
[White "Martinez De La Puente, Ignacio"]
[Black "Rodriguez Bachiller, Luis"]
[Result "1/2-1/2"]
[WhiteElo "1752"]
[BlackElo "1634"]
[PlyCount "121"]
[EventDate "2018.01.22"]
[EventType "swiss"]
[EventRounds "7"]
[EventCountry "ESP"]
[SourceTitle "Ajedrez en Madrid"]
[Source "lmi"]
[SourceDate "2018.01.22"]
[SourceVersion "1"]
[SourceVersionDate "2018.01.28"]
[SourceQuality "1"]

1. e4 c6 2. d4 d5 3. exd5 cxd5 4. Bd3 Nf6 5. Bg5 e6 6. Nf3 Be7 7. O-O Nc6 8. c3
Bd7 9. Re1 O-O 10. Nbd2 h6 11. Bh4 Nh5 12. Bxe7 Nxe7 13. Ne5 Nf4 14. Bc2 Neg6
15. Qg4 f5 16. Qg3 Nxe5 17. Qxf4 Ng6 18. Qg3 Qg5 19. Qxg5 hxg5 20. Nf3 g4 21.
Ne5 Nxe5 22. Rxe5 Rac8 23. Bb3 Kf7 24. Rae1 Rfe8 25. R1e3 Kf6 26. f4 gxf3 27.
Rxf3 g5 28. Rh3 Rh8 29. Rxh8 Rxh8 30. h3 Bb5 31. Kf2 Bd3 32. Re3 Be4 33. Bd1
Rh4 34. Bf3 f4 35. Re2 Bxf3 36. Kxf3 Rh7 37. Kg4 Rh4+ 38. Kf3 Rh7 39. Re5 b5
40. a3 a6 41. Re1 Rc7 42. g3 fxg3 43. Re5 Rh7 44. Kxg3 Rh4 45. Re2 Ke7 46. Rf2
Re4 47. Rg2 Rh4 48. Rg1 Kf6 49. Rf1+ Ke7 50. Rf3 Re4 51. Kf2 Rh4 52. Rg3 Kf6
53. Ke2 Re4+ 54. Kd3 Re1 55. Re3 Rg1 56. Kc2 Rg2+ 57. Kb3 Rf2 58. a4 bxa4+ 59.
Ka3 Kf5 60. Re5+ Kf6 61. Re3 1/2-1/2

[Event "Madrid ch Super Veteranos 2018"]
[Site "Madrid ESP"]
[Date "2018.01.24"]
[Round "3.14"]
[White "Abad Martin-Camunas, Luis"]
[Black "Alvarez Escudero, Manuel"]
[Result "0-1"]
[WhiteElo "1408"]
[BlackElo "1730"]
[PlyCount "104"]
[EventDate "2018.01.22"]
[EventType "swiss"]
[EventRounds "7"]
[EventCountry "ESP"]
[SourceTitle "Ajedrez en Madrid"]
[Source "lmi"]
[SourceDate "2018.01.22"]
[SourceVersion "1"]
[SourceVersionDate "2018.01.28"]
[SourceQuality "1"]

1. c4 e5 2. Nc3 Nf6 3. g3 c6 4. Bg2 Bc5 5. e3 O-O 6. Nge2 d5 7. d4 exd4 8. exd4
Bb4 9. a3 Ba5 10. b4 Bb6 11. c5 Bc7 12. O-O Bg4 13. Bg5 h6 14. Bxf6 Qxf6 15.
Qd3 Bf5 16. Qf3 Nd7 17. g4 Be6 18. Qxf6 Nxf6 19. h3 Rfe8 20. Rae1 a5 21. b5 b6
22. a4 bxc5 23. bxc6 Ra6 24. dxc5 Rxc6 25. Rc1 Rxc5 26. Nb5 Rxc1 27. Rxc1 Be5
28. Rd1 Ne4 29. f4 Bf6 30. f5 Bd7 31. Rxd5 Bc6 32. Rd1 Re5 33. Ng3 Bxb5 34.
axb5 Nxg3 35. b6 Rb5 36. b7 Kh7 37. Kf2 Be5 38. Rd8 Rb2+ 39. Kg1 Ne2+ 40. Kf1
Nf4 41. Be4 f6 42. Rd1 Nxh3 43. Rb1 Rf2+ 44. Ke1 Bc3+ 45. Kd1 Rd2+ 46. Kc1 Nf4
47. Rb3 Ne2+ 48. Kb1 Be5 49. b8=Q Bxb8 50. Rxb8 Nc3+ 51. Kc1 Nxe4 52. Re8 Rd4
0-1

[Event "Madrid ch Super Veteranos 2018"]
[Site "Madrid ESP"]
[Date "2018.01.24"]
[Round "3.15"]
[White "Rodriguez Agarrabeitia, Juan A"]
[Black "Diaz Begonte, Manuel"]
[Result "0-1"]
[WhiteElo "1294"]
[BlackElo "1600"]
[PlyCount "72"]
[EventDate "2018.01.22"]
[EventType "swiss"]
[EventRounds "7"]
[EventCountry "ESP"]
[SourceTitle "Ajedrez en Madrid"]
[Source "lmi"]
[SourceDate "2018.01.22"]
[SourceVersion "1"]
[SourceVersionDate "2018.01.28"]
[SourceQuality "1"]

1. d4 d5 2. Nc3 Bf5 3. Bf4 a6 4. Nf3 e6 5. e3 Bd6 6. Bg5 Nf6 7. Be2 h6 8. Bxf6
Qxf6 9. O-O O-O 10. Qd2 c6 11. Na4 Nd7 12. Rab1 e5 13. Nc5 Nxc5 14. dxc5 Bxc5
15. c4 Bxb1 16. Rxb1 Rad8 17. Qc2 d4 18. exd4 exd4 19. Bd3 g6 20. g3 Qxf3 21.
Be2 d3 22. Bxf3 dxc2 23. Rc1 Rd2 24. Kg2 Rxf2+ 25. Kh3 Rxf3 26. Rxc2 Re8 27.
Kg2 Rfe3 28. Kh3 R8e5 29. Rd2 h5 30. Kh4 Be7+ 31. Kh3 g5 32. Rd7 g4+ 33. Kg2
Re2+ 34. Kg1 Bc5+ 35. Kf1 Re1+ 36. Kg2 R5e2# 0-1

[Event "Madrid ch Super Veteranos 2018"]
[Site "Madrid ESP"]
[Date "2018.01.25"]
[Round "4.1"]
[White "Vinas Lopez, Carlos"]
[Black "Ciuro Munoz, Ricardo"]
[Result "1/2-1/2"]
[WhiteElo "1884"]
[BlackElo "1986"]
[PlyCount "24"]
[EventDate "2018.01.22"]
[EventType "swiss"]
[EventRounds "7"]
[EventCountry "ESP"]
[SourceTitle "Ajedrez en Madrid"]
[Source "lmi"]
[SourceDate "2018.01.22"]
[SourceVersion "1"]
[SourceVersionDate "2018.01.28"]
[SourceQuality "1"]

1. d4 d5 2. Bf4 e6 3. e3 Nf6 4. c3 Bd6 5. Bg3 Ne4 6. Nd2 Nxg3 7. hxg3 e5 8.
dxe5 Bxe5 9. Ngf3 Bf6 10. Bd3 g6 11. Qc2 Nd7 12. Nb3 c6 1/2-1/2

[Event "Madrid ch Super Veteranos 2018"]
[Site "Madrid ESP"]
[Date "2018.01.25"]
[Round "4.2"]
[White "Gonzalez Rivera, Eduardo"]
[Black "Lopez Heras, Arturo"]
[Result "1-0"]
[WhiteElo "2014"]
[BlackElo "1859"]
[PlyCount "59"]
[EventDate "2018.01.22"]
[EventType "swiss"]
[EventRounds "7"]
[EventCountry "ESP"]
[SourceTitle "Ajedrez en Madrid"]
[Source "lmi"]
[SourceDate "2018.01.22"]
[SourceVersion "1"]
[SourceVersionDate "2018.01.28"]
[SourceQuality "1"]

1. e4 c5 2. Nf3 d6 3. d4 cxd4 4. Nxd4 Nf6 5. Nc3 a6 6. Bc4 e6 7. Bb3 b5 8. O-O
Be7 9. a3 O-O 10. f4 Bb7 11. f5 e5 12. Nde2 Nxe4 13. Nxe4 Bxe4 14. Ng3 Bb7 15.
f6 Bxf6 16. Nh5 Nd7 17. Qg4 Kh8 18. Rxf6 g6 19. Rxd6 gxh5 20. Qxd7 Qh4 21. Bg5
Qxg5 22. Qxb7 e4 23. Qxe4 Rae8 24. Qd4+ f6 25. Qd2 Qg4 26. h3 Qc8 27. Rf1 Re7
28. Qd4 Rg7 29. Rdxf6 Rd8 30. Qxd8+ 1-0

[Event "Madrid ch Super Veteranos 2018"]
[Site "Madrid ESP"]
[Date "2018.01.25"]
[Round "4.3"]
[White "Pastor Alonso De Prado, Alberto"]
[Black "Pashov, Spas Nikolov"]
[Result "1-0"]
[WhiteElo "2190"]
[BlackElo "1844"]
[PlyCount "51"]
[EventDate "2018.01.22"]
[EventType "swiss"]
[EventRounds "7"]
[EventCountry "ESP"]
[SourceTitle "Ajedrez en Madrid"]
[Source "lmi"]
[SourceDate "2018.01.22"]
[SourceVersion "1"]
[SourceVersionDate "2018.01.28"]
[SourceQuality "1"]

1. e4 e5 2. f4 d6 3. Nf3 Bg4 4. Bc4 Nc6 5. O-O Nf6 6. d3 Be7 7. c3 O-O 8. Qe1
exf4 9. Bxf4 Na5 10. Bb5 c6 11. Ba4 Qb6+ 12. Rf2 Bxf3 13. Be3 c5 14. gxf3 Nc6
15. Na3 d5 16. Rg2 dxe4 17. dxe4 g6 18. Qe2 a6 19. Bb3 Qc7 20. Bh6 Rfd8 21. Re1
Ne5 22. f4 Nd3 23. Rf1 b5 24. c4 Qc6 25. e5 Ne8 26. Bc2 1-0

[Event "Madrid ch Super Veteranos 2018"]
[Site "Madrid ESP"]
[Date "2018.01.25"]
[Round "4.4"]
[White "Ortega Morales, Pedro"]
[Black "Bravo Plaza, Luis"]
[Result "1/2-1/2"]
[WhiteElo "1825"]
[BlackElo "1922"]
[PlyCount "75"]
[EventDate "2018.01.22"]
[EventType "swiss"]
[EventRounds "7"]
[EventCountry "ESP"]
[SourceTitle "Ajedrez en Madrid"]
[Source "lmi"]
[SourceDate "2018.01.22"]
[SourceVersion "1"]
[SourceVersionDate "2018.01.28"]
[SourceQuality "1"]

1. d4 Nf6 2. Bf4 d6 3. e3 g6 4. Be2 Bg7 5. Nf3 O-O 6. O-O Nbd7 7. Nbd2 b6 8. c3
Bb7 9. a4 a5 10. Qc2 c5 11. Rfc1 Rc8 12. Qd1 Re8 13. Nc4 Ne4 14. h3 h6 15. Bh2
d5 16. Nce5 Nf8 17. Bb5 c4 18. Bxe8 Qxe8 19. Nd2 f6 20. Nef3 Nd6 21. Qc2 g5 22.
Re1 Ne4 23. Nxe4 dxe4 24. Nd2 f5 25. Reb1 Qg6 26. Qd1 Ne6 27. b3 f4 28. bxc4 f3
29. Qf1 Rf8 30. Rxb6 g4 31. hxg4 Qxg4 32. Rxb7 Ng5 33. Kh1 Qh4 34. Rab1 fxg2+
35. Qxg2 Nh3 36. Rb8 Nxf2+ 37. Kg1 Nh3+ 38. Kh1 1/2-1/2

[Event "Madrid ch Super Veteranos 2018"]
[Site "Madrid ESP"]
[Date "2018.01.25"]
[Round "4.5"]
[White "Garcia Esteban, Ignacio"]
[Black "Ramos Isasi, Jose"]
[Result "1-0"]
[WhiteElo "1871"]
[BlackElo "1760"]
[PlyCount "89"]
[EventDate "2018.01.22"]
[EventType "swiss"]
[EventRounds "7"]
[EventCountry "ESP"]
[SourceTitle "Ajedrez en Madrid"]
[Source "lmi"]
[SourceDate "2018.01.22"]
[SourceVersion "1"]
[SourceVersionDate "2018.01.28"]
[SourceQuality "1"]

1. e4 c6 2. d4 d5 3. exd5 cxd5 4. Bd3 Nc6 5. c3 Nf6 6. Nf3 Qc7 7. O-O e6 8. Re1
Be7 9. Nbd2 O-O 10. Ne5 h6 11. Ndf3 Bd6 12. Qe2 a6 13. a4 Rb8 14. Bd2 Ne7 15.
h3 Bd7 16. Kh1 Bc6 17. Nxc6 bxc6 18. b4 a5 19. bxa5 c5 20. dxc5 Bxc5 21. Nd4
Rb2 22. Reb1 Rfb8 23. a6 Bxd4 24. cxd4 Ne4 25. Rxb2 Rxb2 26. Bxe4 dxe4 27. Qe3
Nd5 28. Qe1 Qc2 29. Ba5 e3 30. a7 exf2 31. a8=Q+ Kh7 32. Qd1 Ra2 33. Rc1 Qe4
34. Qa6 Nf4 35. Qf3 Qxd4 36. Rd1 Qxa4 37. Rf1 e5 38. Rxf2 Ra1+ 39. Kh2 Qd4 40.
Qb6 Qc4 41. Bd2 Ra6 42. Qb1+ g6 43. Bxf4 Rf6 44. Qfd3 Qc5 45. Be3 1-0

[Event "Madrid ch Super Veteranos 2018"]
[Site "Madrid ESP"]
[Date "2018.01.25"]
[Round "4.6"]
[White "Campos Calvo-Sotelo, Juan"]
[Black "Martinez Rubio, Felipe"]
[Result "1/2-1/2"]
[WhiteElo "1851"]
[BlackElo "1754"]
[PlyCount "122"]
[EventDate "2018.01.22"]
[EventType "swiss"]
[EventRounds "7"]
[EventCountry "ESP"]
[SourceTitle "Ajedrez en Madrid"]
[Source "lmi"]
[SourceDate "2018.01.22"]
[SourceVersion "1"]
[SourceVersionDate "2018.01.28"]
[SourceQuality "1"]

1. b4 e5 2. a3 d5 3. e3 Nf6 4. c4 a5 5. b5 c6 6. Bb2 Bd6 7. Nf3 Qe7 8. cxd5
cxd5 9. Nc3 O-O 10. h3 h6 11. g4 d4 12. Ne2 dxe3 13. dxe3 Rd8 14. Qb1 Nh7 15.
Bg2 Be6 16. Ng3 Nd7 17. O-O Nc5 18. Nf5 Bxf5 19. Qxf5 g6 20. Qc2 Rac8 21. Rac1
a4 22. Rfd1 b6 23. Rxd6 Qxd6 24. Nxe5 Qd2 25. Qc4 Ng5 26. Bd4 Nce6 27. Qxc8
Rxc8 28. Rxc8+ Kh7 29. Rh8+ Kxh8 30. Nc4+ Qxd4 31. exd4 Nxd4 32. Nxb6 Nxb5 33.
Nc4 Kg7 34. Bc6 Nd4 35. Bxa4 Nxh3+ 36. Kf1 Nf4 37. Bd7 Nd5 38. a4 Nb3 39. a5
Nc7 40. Bc8 Nc5 41. Ne3 h5 42. gxh5 gxh5 43. Nc2 N5a6 44. Kg2 Kg6 45. Nd4 Kf6
46. Nb5 Ke7 47. Nxc7 Nxc7 48. a6 Kd8 49. Bb7 Nb5 50. Kg3 Kc7 51. Kh4 Nd6 52.
Kxh5 Kb6 53. Bd5 Kxa6 54. Kg5 f5 55. f3 Kb6 56. Be6 Kc7 57. Bxf5 Kd8 58. Kf6
Ke8 59. Bg6+ Kf8 60. Ke6 Nc4 61. f4 Ne3 1/2-1/2

[Event "Madrid ch Super Veteranos 2018"]
[Site "Madrid ESP"]
[Date "2018.01.25"]
[Round "4.7"]
[White "Estrada Martinez, Cesar"]
[Black "Quintero Cuervo, Edgar"]
[Result "1-0"]
[WhiteElo "2001"]
[BlackElo "1557"]
[PlyCount "53"]
[EventDate "2018.01.22"]
[EventType "swiss"]
[EventRounds "7"]
[EventCountry "ESP"]
[SourceTitle "Ajedrez en Madrid"]
[Source "lmi"]
[SourceDate "2018.01.22"]
[SourceVersion "1"]
[SourceVersionDate "2018.01.28"]
[SourceQuality "1"]

1. c4 c5 2. Nf3 Nc6 3. d4 cxd4 4. Nxd4 e6 5. Nc3 Bc5 6. e3 Nf6 7. Be2 O-O 8.
O-O a6 9. a3 d5 10. cxd5 Nxd5 11. Nxd5 exd5 12. Nxc6 bxc6 13. Qc2 Qb6 14. b4
Bd6 15. Bb2 Qc7 16. h3 Re8 17. Rac1 Bd7 18. Bd3 h6 19. Bf5 Bxf5 20. Qxf5 Be5
21. Bxe5 Rxe5 22. Rxc6 Qxc6 23. Qxe5 Qb7 24. Rd1 Rd8 25. Qf5 g6 26. Qf4 Kg7 27.
Qd4+ 1-0

[Event "Madrid ch Super Veteranos 2018"]
[Site "Madrid ESP"]
[Date "2018.01.25"]
[Round "4.8"]
[White "Fernandez Garcia, Ignacio"]
[Black "Martin Rodriguez, Jose Luis"]
[Result "1-0"]
[WhiteElo "1858"]
[BlackElo "1302"]
[PlyCount "41"]
[EventDate "2018.01.22"]
[EventType "swiss"]
[EventRounds "7"]
[EventCountry "ESP"]
[SourceTitle "Ajedrez en Madrid"]
[Source "lmi"]
[SourceDate "2018.01.22"]
[SourceVersion "1"]
[SourceVersionDate "2018.01.28"]
[SourceQuality "1"]

1. e4 e6 2. d4 d5 3. e5 c5 4. c3 Nc6 5. Nf3 Qb6 6. Bd3 cxd4 7. cxd4 Bd7 8. O-O
Nxd4 9. Ng5 g6 10. Nc3 Bg7 11. Re1 Qc7 12. Bf4 Nc6 13. Nb5 Qb8 14. Nd6+ Ke7 15.
Ngxf7 Qf8 16. Bg5+ Nf6 17. exf6+ Bxf6 18. Bxf6+ Kxf6 19. Qf3+ Kg7 20. Qf4 Nd8
21. Qe5+ 1-0

[Event "Madrid ch Super Veteranos 2018"]
[Site "Madrid ESP"]
[Date "2018.01.25"]
[Round "4.11"]
[White "Beekhof Harmsen, Willen"]
[Black "Perez Cameselle, Francisco"]
[Result "0-1"]
[WhiteElo "1543"]
[BlackElo "1778"]
[PlyCount "76"]
[EventDate "2018.01.22"]
[EventType "swiss"]
[EventRounds "7"]
[EventCountry "ESP"]
[SourceTitle "Ajedrez en Madrid"]
[Source "lmi"]
[SourceDate "2018.01.22"]
[SourceVersion "1"]
[SourceVersionDate "2018.01.28"]
[SourceQuality "1"]

1. Nf3 f5 2. b3 Nf6 3. Bb2 e6 4. g3 Be7 5. Bg2 O-O 6. O-O d6 7. d3 Nc6 8. Nbd2
e5 9. e4 fxe4 10. Nxe4 Nxe4 11. dxe4 Bg4 12. Qd3 Qd7 13. Rfe1 Nb4 14. Qc4+ d5
15. Nxe5 dxc4 16. Nxd7 Bxd7 17. Red1 Bg4 18. Rd2 Rad8 19. Rxd8 Rxd8 20. f3 Be6
21. Ba3 Rd2 22. c3 Nc2 23. Bxe7 Nxa1 24. f4 cxb3 25. axb3 Nxb3 26. f5 Bc4 27.
e5 Bd5 28. Bf1 Kf7 29. Bg5 Rc2 30. e6+ Ke8 31. Bf4 Nd2 32. g4 Nf3+ 33. Kh1
Nxh2+ 34. Kg1 Nxg4 35. Bh3 Nf6 36. Be5 a5 37. Bf1 Rc1 38. Kf2 Ng4+ 0-1

[Event "Madrid ch Super Veteranos 2018"]
[Site "Madrid ESP"]
[Date "2018.01.25"]
[Round "4.12"]
[White "Diaz Begonte, Manuel"]
[Black "Martinez De La Puente, Ignacio"]
[Result "0-1"]
[WhiteElo "1600"]
[BlackElo "1752"]
[PlyCount "78"]
[EventDate "2018.01.22"]
[EventType "swiss"]
[EventRounds "7"]
[EventCountry "ESP"]
[SourceTitle "Ajedrez en Madrid"]
[Source "lmi"]
[SourceDate "2018.01.22"]
[SourceVersion "1"]
[SourceVersionDate "2018.01.28"]
[SourceQuality "1"]

1. e4 e6 2. d4 d5 3. exd5 exd5 4. Nf3 Nf6 5. c4 dxc4 6. Bxc4 Bd6 7. O-O O-O 8.
Bg5 Bg4 9. Nbd2 Nbd7 10. Ne4 Be7 11. Ng3 h6 12. Bf4 Nb6 13. Bb3 Nfd5 14. Be3
Bf6 15. h3 Be6 16. Qd2 Nxe3 17. fxe3 Bxb3 18. axb3 Qd5 19. Qd3 Rfe8 20. e4 Qe6
21. e5 Be7 22. Ne2 Red8 23. Rac1 c5 24. Qe4 cxd4 25. Nexd4 Qd5 26. Qxd5 Nxd5
27. e6 fxe6 28. Nxe6 Rd6 29. Nc7 Rad8 30. Nb5 Rb6 31. Nbd4 Bf6 32. Rfe1 Nf4 33.
Re4 Bxd4+ 34. Nxd4 Rxd4 35. Rc8+ Kh7 36. Re7 Rd2 37. g4 Nxh3+ 38. Kf1 Rxb2 39.
Rcc7 Rg6 0-1

[Event "Madrid ch Super Veteranos 2018"]
[Site "Madrid ESP"]
[Date "2018.01.25"]
[Round "4.13"]
[White "Corredor Gonzalez, Angel L"]
[Black "Arroyo Fraile, Mario"]
[Result "1-0"]
[WhiteElo "1745"]
[BlackElo "1533"]
[PlyCount "67"]
[EventDate "2018.01.22"]
[EventType "swiss"]
[EventRounds "7"]
[EventCountry "ESP"]
[SourceTitle "Ajedrez en Madrid"]
[Source "lmi"]
[SourceDate "2018.01.22"]
[SourceVersion "1"]
[SourceVersionDate "2018.01.28"]
[SourceQuality "1"]

1. e4 e6 2. d4 d5 3. exd5 exd5 4. c4 dxc4 5. Bxc4 Nf6 6. Nf3 Nc6 7. O-O Bg4 8.
Qb3 Be6 9. Re1 Be7 10. Bxe6 fxe6 11. Qxe6 Qd7 12. Qc4 O-O-O 13. Nc3 a6 14. Bg5
h6 15. Bh4 Rhe8 16. Rad1 Nd5 17. Bg3 b5 18. Qd3 Ncb4 19. Qg6 Bf6 20. Ne5 Qe6
21. Nd3 Qc6 22. Qf5+ Kb8 23. Ne5 Bxe5 24. Bxe5 Nxc3 25. bxc3 Qxc3 26. Rc1 Qd2
27. Bxc7+ Kb7 28. Qf3+ Rd5 29. Be5 Re7 30. a3 Rexe5 31. dxe5 Kb6 32. axb4 Rxe5
33. Red1 Qxb4 34. Qc6+ 1-0

[Event "Madrid ch Super Veteranos 2018"]
[Site "Madrid ESP"]
[Date "2018.01.25"]
[Round "4.15"]
[White "Martinez Carrasco, Jesus"]
[Black "Rodriguez Agarrabeitia, Juan A"]
[Result "1-0"]
[WhiteElo "1568"]
[BlackElo "1294"]
[PlyCount "73"]
[EventDate "2018.01.22"]
[EventType "swiss"]
[EventRounds "7"]
[EventCountry "ESP"]
[SourceTitle "Ajedrez en Madrid"]
[Source "lmi"]
[SourceDate "2018.01.22"]
[SourceVersion "1"]
[SourceVersionDate "2018.01.28"]
[SourceQuality "1"]

1. d4 Nf6 2. c4 g6 3. Nc3 Bg7 4. e4 d6 5. Nf3 O-O 6. Be2 Bg4 7. h3 Bxf3 8. Bxf3
c5 9. e5 dxe5 10. dxe5 Qxd1+ 11. Nxd1 Nfd7 12. Bxb7 Nxe5 13. Bxa8 Nd3+ 14. Ke2
Nb4 15. Ne3 Nd7 16. Bf3 Ne5 17. Rd1 Nxf3 18. Kxf3 Nc6 19. Rb1 Bd4 20. b3 Bxe3
21. Bxe3 Kg7 22. Rd7 Na5 23. Bxc5 Nc6 24. Re1 Re8 25. Rc7 Na5 26. Rxa7 Nc6 27.
Raxe7 Rxe7 28. Rxe7 h6 29. Rc7 Na5 30. Bd4+ Kf8 31. Bb6 Nxb3 32. axb3 Kg7 33.
Kf4 Kf6 34. Bd4+ Ke6 35. h4 Kd6 36. Rxf7 h5 37. Rf6+ 1-0